000 00631nam a2200217 a 4500
001 15587
003 CO-ViMGA
008 141112s2004 ck r 000 u spa d
020 _a9589339
040 _aCO-ViMGA
_bspa
_cCO-ViMGA
082 0 4 _a331.87 T677
100 1 _aTorres Corredor, Carlos
_922546
245 1 0 _aLa autonomía sindical
260 _aBogotá,
_cIsmac,
_c1993
300 _a20.p.
590 _aForma de adquisición : Donación - - Precio :
_10.000
650 1 4 _aeducación SINDICAL
_922547
650 1 4 _aSINDICATOS - ORGANIZACION - COLOMBIA
_922548
650 1 4 _aTRABAJO Y TRABAJADORES
_93749
942 _2ddc
_cBK
999 _c25803
_d25803